|
|
|
|
| LEADER |
01018nam a22002412a 4500 |
| 001 |
000206531 |
| 003 |
CZ BrMZK |
| 005 |
20141007124126.0 |
| 008 |
010907s1981 xr f cze d |
| 040 |
|
|
|a BOA001
|b cze
|c BOA002
|
| 100 |
1 |
|
|a Bouda, Cyril,
|d 1901-1984
|7 jk01012795
|4 aut
|
| 245 |
1 |
0 |
|a Palavra, aneb, Cesta Cyrila Boudy za krásnou knihou :
|b v roce 80. narozenin národního umělce Cyrila Boudy /
|c text připravil Ondřej Neff
|
| 246 |
3 |
0 |
|a Cesta Cyrila Boudy za krásnou knihou
|
| 260 |
|
|
|a Praha :
|b Albatros,
|c 1981
|
| 300 |
|
|
|a 27 s.
|
| 490 |
1 |
|
|a Klub mladých čtenářů
|
| 700 |
1 |
|
|a Neff, Ondřej,
|d 1945-
|7 jk01082907
|4 com
|
| 830 |
|
0 |
|a Klub mladých čtenářů (Albatros)
|0 s
|
| 856 |
4 |
1 |
|u http://www.digitalniknihovna.cz/mzk/uuid/uuid:7d777da0-4ea9-11e4-8344-005056827e52
|y Digitalizovaný dokument
|x NDK
|
| 910 |
|
|
|a BOA001
|b PK-0092.268
|
| 964 |
|
|
|a Bouda, Cyril - vzpomínky vlastní
|
| 990 |
|
|
|a BK
|
| 996 |
7 |
|
|b 3119900203
|c PK-0092.268
|l MZK
|r Sklad / do 1 hodiny
|n 0
|w 000206531
|u 000010
|a 1
|e BOA001
|j MZK50
|s A
|